| Поле | Инд. | ПП | Название | Значение |
|---|---|---|---|---|
| Тип записи | a | |||
| Библиографический уровень | b | |||
| 001 | Контрольный номер | DU/566672868 | ||
| 005 | Дата корректировки | 20200610181710.2 | ||
| 008 | Кодируемые данные | 20171215 | ||
| 040 | b | Код языка каталог. | rus | |
| e | Правила каталог. | PSBO | ||
| 041 | 0_ | a | Код языка текста | rus |
| 084 | a | Индекс другой классификации/Индекс ББК | 26.325.41в675 | |
| 100 | 1_ | a | Автор | Чернокожев Д. А. |
| q | Полное имя | Чернокожев Дмитрий Александрович | ||
| 100 | 1_ | a | Автор | Хозяинов М. С. |
| q | Полное имя | Хозяинов Михаил Самойлович | ||
| 100 | 1_ | a | Автор | Кузнецов М. И. |
| q | Полное имя | Кузнецов Максим Игоревич | ||
| 100 | 1_ | a | Автор | Кузнецова К. И. |
| q | Полное имя | Кузнецова Ксения Игоревна | ||
| 245 | 10 | a | Заглавие | Уточнение геологического строения и степени неоднородности продуктивных пластов по результатам индикаторных исследований |
| 504 | a | Библиография | Библиогр.: 5 назв. | |
| 650 | a | Основная рубрика | геология | |
| a | Основная рубрика | науки о Земле | ||
| a | Основная рубрика | полезные ископаемые | ||
| 653 | a | Ключевые слова | геологическое строение | |
| a | Ключевые слова | индикаторные исследования | ||
| a | Ключевые слова | неоднородность пластов | ||
| a | Ключевые слова | нефтяные месторождения | ||
| a | Ключевые слова | нефтяные пласты | ||
| 773 | 08 | t | Заглавие источника | Вестник Международного университета природы, общества и человека "Дубна" : Серия "Естественные и инженерные науки" |
| d | Дата издания источника | 2016 | ||
| g | Прочая информация | № 2 (34). - С. 68 - 75 : рис., табл. | ||
| w | Контрольный № источника | DU/540323393 | ||
| 901 | t | Тип документа | b |